[Event "Rhein Main op-A 15th"]
[Site "Bad Homburg"]
[Date "2012.06.06"]
[Round "1"]
[White "Scholz, Stefan"]
[Black "Giel, Olaf"]
[Result "1/2-1/2"]
[WhiteElo "1915"]
[BlackElo "2105"]
[PlyCount "64"]
[EventDate "2012.06.06"]
[EventType "swiss"]
[EventRounds "7"]
[EventCountry "GER"]
[SourceTitle "EXT 2013"]
[Source "ChessBase"]
[SourceDate "2012.11.22"]
[SourceVersion "1"]
[SourceVersionDate "2012.11.22"]
[SourceQuality "1"]

1. d4 Nf6 2. c4 e5 3. dxe5 Ng4 4. Bf4 Bb4+ 5. Nd2 Nc6 6. Ngf3 Qe7 7. e3 Ngxe5 8. Nxe5 Nxe5 9. Be2 d6 10. 0-0 Bd7 11. a3 Bxd2 12. Qxd2 Ng6 13. Bg3 0-0 14. c5 dxc5 15. Bxc7 Bc6 16. Bg3 Qf6 17. Rac1 b6 18. Qc2 Rfe8 19. Rfd1 Rad8 20. Qb3 Nh4 21. Bf1 Nf3+ 22. Kh1 Nd2 23. Qc3 Qxc3 24. Rxc3 Ba4 25. Re1 Ne4 26. Rcc1 Rd2 27. Re2 Red8 28. Rxd2 Rxd2 29. b4 h6 30. bxc5 bxc5 31. f3 Nxg3+ 32. hxg3 Rd1 1/2-1/2